<?xml version="1.0" encoding="UTF-8"?>
<record
    xmlns:xsi="http://www.w3.org/2001/XMLSchema-instance"
    xsi:schemaLocation="http://www.loc.gov/MARC21/slim http://www.loc.gov/standards/marcxml/schema/MARC21slim.xsd"
    xmlns="http://www.loc.gov/MARC21/slim">

  <leader>00572nam a22001937a 4500</leader>
  <controlfield tag="005">20240524171935.0</controlfield>
  <controlfield tag="008">240402b        |||||||| |||| 00| 0 eng d</controlfield>
  <datafield tag="020" ind1=" " ind2=" ">
    <subfield code="a">9781543346633</subfield>
  </datafield>
  <datafield tag="041" ind1=" " ind2=" ">
    <subfield code="a">eng.</subfield>
  </datafield>
  <datafield tag="082" ind1=" " ind2=" ">
    <subfield code="2">2022</subfield>
    <subfield code="a"> 614.1 /DUD</subfield>
  </datafield>
  <datafield tag="110" ind1=" " ind2=" ">
    <subfield code="a">Dudhe, Akshay Shivaji</subfield>
    <subfield code="9">206575</subfield>
  </datafield>
  <datafield tag="245" ind1=" " ind2=" ">
    <subfield code="a">Introduction to Forensic Nursing &amp; Indian Laws</subfield>
  </datafield>
  <datafield tag="260" ind1=" " ind2=" ">
    <subfield code="a">Jalandhar</subfield>
    <subfield code="b">S.Vikas &amp; company ( Medical Publishers)</subfield>
    <subfield code="c">2022</subfield>
  </datafield>
  <datafield tag="300" ind1=" " ind2=" ">
    <subfield code="a">79 p.</subfield>
  </datafield>
  <datafield tag="365" ind1=" " ind2=" ">
    <subfield code="a">Rs</subfield>
    <subfield code="b">195</subfield>
    <subfield code="c">Rs.</subfield>
  </datafield>
  <datafield tag="651" ind1=" " ind2=" ">
    <subfield code="a">Fundamental of Nursing</subfield>
    <subfield code="9">206188</subfield>
  </datafield>
  <datafield tag="700" ind1=" " ind2=" ">
    <subfield code="a">Dharmadhikari, Snehal M.</subfield>
    <subfield code="9">206576</subfield>
  </datafield>
  <datafield tag="942" ind1=" " ind2=" ">
    <subfield code="c">DB</subfield>
  </datafield>
  <datafield tag="999" ind1=" " ind2=" ">
    <subfield code="c">357672</subfield>
    <subfield code="d">357672</subfield>
  </datafield>
  <datafield tag="952" ind1=" " ind2=" ">
    <subfield code="0">0</subfield>
    <subfield code="1">0</subfield>
    <subfield code="2">ddc</subfield>
    <subfield code="4">0</subfield>
    <subfield code="7">0</subfield>
    <subfield code="a">SNCN</subfield>
    <subfield code="b">SNCN</subfield>
    <subfield code="c">Donated Book</subfield>
    <subfield code="d">2024-05-24</subfield>
    <subfield code="e">Donated by Ms. Kajal Motghare, Nagpur</subfield>
    <subfield code="g">195.00</subfield>
    <subfield code="i">IK#2024-25#00024</subfield>
    <subfield code="l">2</subfield>
    <subfield code="o"> 614.1 /DUD</subfield>
    <subfield code="p">SNCN-DB-205</subfield>
    <subfield code="r">2025-12-08 12:50:16</subfield>
    <subfield code="s">2025-12-04</subfield>
    <subfield code="v">195.00</subfield>
    <subfield code="w">2024-05-22</subfield>
    <subfield code="y">DB</subfield>
    <subfield code="z">DB-205</subfield>
  </datafield>
</record>
